000
00305nam a2200133Ia 4500
008
260604s9999 xx 000 0 und d
020
_a
9781412974516
082
_a
001.4 SUL
100
_a
SULLIVAN
_9
35122
245
0
_a
ART PRACTICE AS RESEARCH
260
_b
SAGE
500
_a
Research, Art
942
_c
BK
999
_c
7881
_d
7881